<?xml version='1.0' encoding='UTF-8'?>
  <record xmlns="http://www.loc.gov/MARC21/slim">
    <leader>00000ctm a22000007i 4500</leader>
    <controlfield tag="001">on1476158015</controlfield>
    <controlfield tag="003">OCoLC</controlfield>
    <controlfield tag="005">20251011003031.9</controlfield>
    <controlfield tag="008">241206q16351635ne ai         000 0 dut d</controlfield>
    <datafield tag="040" ind1=" " ind2=" ">
      <subfield code="a">QGJ</subfield>
      <subfield code="b">eng</subfield>
      <subfield code="e">rda</subfield>
      <subfield code="e">dcrmmss</subfield>
      <subfield code="c">QGJ</subfield>
      <subfield code="d">QGJ</subfield>
      <subfield code="d">OCLCO</subfield>
      <subfield code="d">QGJ</subfield>
      <subfield code="d">OCLCO</subfield>
      <subfield code="d">QGJ</subfield>
      <subfield code="d">OCLCO</subfield>
      <subfield code="d">OCLCL</subfield>
      <subfield code="d">OCLCO</subfield>
    </datafield>
    <datafield tag="035" ind1=" " ind2=" ">
      <subfield code="a">(OCoLC)1476158015</subfield>
    </datafield>
    <datafield tag="100" ind1="1" ind2=" ">
      <subfield code="a">Buchell, Arend van,</subfield>
      <subfield code="d">1565-1641,</subfield>
      <subfield code="e">author,</subfield>
      <subfield code="e">illustrator.</subfield>
      <subfield code="4">aut</subfield>
      <subfield code="4">ill</subfield>
      <subfield code="1">https://id.oclc.org/worldcat/entity/E39PBJvt97kGgrhYc6wBHv6BT3</subfield>
    </datafield>
    <datafield tag="245" ind1="1" ind2="0">
      <subfield code="a">Vrije ende ridder hofsteden /</subfield>
      <subfield code="c">[Arend van Buchell],</subfield>
      <subfield code="f">Hs 35 A 21</subfield>
    </datafield>
    <datafield tag="246" ind1="3" ind2="4">
      <subfield code="a">Adelijke huizen Utrecht</subfield>
    </datafield>
    <datafield tag="246" ind1="3" ind2=" ">
      <subfield code="a">Utrecht and surroundings</subfield>
    </datafield>
    <datafield tag="246" ind1="3" ind2=" ">
      <subfield code="a">Vrij ende Ridderhofsteden onder Utrecht</subfield>
    </datafield>
    <datafield tag="264" ind1=" " ind2="0">
      <subfield code="a">[Utrecht],</subfield>
      <subfield code="c">[approximately 1635]</subfield>
    </datafield>
    <datafield tag="300" ind1=" " ind2=" ">
      <subfield code="a">[4] blank leaves, leaves 3-12, 59-94, [9] blank leaves :</subfield>
      <subfield code="b">handcolored illustrations,</subfield>
      <subfield code="c">199 x 148 (152 x 95) mm</subfield>
    </datafield>
    <datafield tag="336" ind1=" " ind2=" ">
      <subfield code="a">text</subfield>
      <subfield code="b">txt</subfield>
      <subfield code="2">rdacontent</subfield>
    </datafield>
    <datafield tag="336" ind1=" " ind2=" ">
      <subfield code="a">still image</subfield>
      <subfield code="b">sti</subfield>
      <subfield code="2">rdacontent</subfield>
    </datafield>
    <datafield tag="337" ind1=" " ind2=" ">
      <subfield code="a">unmediated</subfield>
      <subfield code="b">n</subfield>
      <subfield code="2">rdamedia</subfield>
    </datafield>
    <datafield tag="338" ind1=" " ind2=" ">
      <subfield code="a">volume</subfield>
      <subfield code="b">nb</subfield>
      <subfield code="2">rdacarrier</subfield>
    </datafield>
    <datafield tag="340" ind1=" " ind2=" ">
      <subfield code="a">paper</subfield>
      <subfield code="2">rdamat</subfield>
    </datafield>
    <datafield tag="500" ind1=" " ind2=" ">
      <subfield code="a">Title derived from first line: Vrij ende ridder hofsteden.</subfield>
    </datafield>
    <datafield tag="500" ind1=" " ind2=" ">
      <subfield code="a">Cover title: Adelijke huizen onder Utrecht</subfield>
    </datafield>
    <datafield tag="500" ind1=" " ind2=" ">
      <subfield code="a">Title according to information provided by auctioneer Bubb Kuyper: [Utrecht and surroundings] : "Vrij ende Ridderhofsteden onder Utrecht".</subfield>
    </datafield>
    <datafield tag="500" ind1=" " ind2=" ">
      <subfield code="a">Dating: approximately 1635.</subfield>
    </datafield>
    <datafield tag="500" ind1=" " ind2=" ">
      <subfield code="a">Leaves 9v, 11v-12v, 64v, 65v, 66v, 68r-v, 72v, 73v, 74v-77r, 78v, 81r, 86v, 91v, and 94v are blank.</subfield>
    </datafield>
    <datafield tag="500" ind1=" " ind2=" ">
      <subfield code="a">Contains 3 contemporary handcolored drawings of Huis te Oud-Wulven, Slot Zuylen and Huis Zuylenstein, and 80 contemporary handcolored coats of arms.</subfield>
    </datafield>
    <datafield tag="500" ind1=" " ind2=" ">
      <subfield code="a">Inserted: piece of paper (85 x 155 mm), containing bibliographical information about Govert Willemsz van Goch.</subfield>
    </datafield>
    <datafield tag="500" ind1=" " ind2=" ">
      <subfield code="a">Most of the text was transcribed in the 18th century in Hs. 8* F 21, to which other information and documents were added.</subfield>
    </datafield>
    <datafield tag="520" ind1="0" ind2=" ">
      <subfield code="a">This historically significant document describes the history of several noble estates and its owners in the vicinity of Utrecht, i.a. "Ameyde", "Lievendael", "Hagestein", "Nievelt", "Hoeflaken", "Blyenborch", "Zeyst" and "Woerden". The three remarkable drawings show castles and are among of the earliest, if not the earliest depictions of these castles. Huis te Oud-Wulven was established in the 12th century. Not much is known about castle Oud-Wulven. The second castle (Slot Zuylen) was built in the 13th century. It was pulled down and rebuilt by Johan van Toll, a wealthy merchant from Utrecht who purchased the estate in 1634. The renovation was completed in 1640. The drawing by Buchelius predates this renovation. Huis Zuylenstein was probably first built in the 14th century. After multiple owners, prince Frederik Hendrik van Oranje purchased the estate in 1630 and started renovations. The drawing by Buchelius also predate these renovations.</subfield>
    </datafield>
    <datafield tag="524" ind1="8" ind2=" ">
      <subfield code="a">Cite as: Universiteitsbibliotheek Utrecht Hs 35 A 21.</subfield>
    </datafield>
    <datafield tag="541" ind1="1" ind2=" ">
      <subfield code="c">Purchase at auction;</subfield>
      <subfield code="a">Bubb Kuyper (Firm);</subfield>
      <subfield code="b">Haarlem (Netherlands)</subfield>
      <subfield code="d">202411</subfield>
    </datafield>
    <datafield tag="561" ind1="1" ind2=" ">
      <subfield code="a">From the collection of M.P. Smissaert, sold at auction at Frederik Muller, 1906.</subfield>
    </datafield>
    <datafield tag="563" ind1=" " ind2=" ">
      <subfield code="a">Vellum binding over paper.</subfield>
    </datafield>
    <datafield tag="650" ind1=" " ind2="0">
      <subfield code="a">Drawing</subfield>
      <subfield code="v">Early works to 1800.</subfield>
    </datafield>
    <datafield tag="650" ind1=" " ind2="0">
      <subfield code="a">Architecture</subfield>
      <subfield code="z">Netherlands</subfield>
      <subfield code="z">Utrecht</subfield>
      <subfield code="y">17th century.</subfield>
    </datafield>
    <datafield tag="650" ind1=" " ind2="0">
      <subfield code="a">Manors</subfield>
      <subfield code="z">Netherlands</subfield>
      <subfield code="z">Utrecht (Province)</subfield>
    </datafield>
    <datafield tag="650" ind1=" " ind2="0">
      <subfield code="a">Castles</subfield>
      <subfield code="z">Netherlands</subfield>
      <subfield code="z">Utrecht (Province)</subfield>
    </datafield>
    <datafield tag="650" ind1=" " ind2="0">
      <subfield code="a">Devices (Heraldry)</subfield>
      <subfield code="z">Netherlands</subfield>
      <subfield code="z">Utrecht (Province)</subfield>
    </datafield>
    <datafield tag="651" ind1=" " ind2="0">
      <subfield code="a">Utrecht (Netherlands : Province)</subfield>
      <subfield code="x">Buildings, structures, etc.</subfield>
    </datafield>
    <datafield tag="650" ind1=" " ind2="6">
      <subfield code="a">Architecture</subfield>
      <subfield code="z">Pays-Bas</subfield>
      <subfield code="z">Utrecht</subfield>
      <subfield code="y">17e siècle.</subfield>
    </datafield>
    <datafield tag="650" ind1=" " ind2="6">
      <subfield code="a">Manoirs</subfield>
      <subfield code="z">Pays-Bas</subfield>
      <subfield code="z">Utrecht (Province)</subfield>
    </datafield>
    <datafield tag="651" ind1=" " ind2="6">
      <subfield code="a">Utrecht (Pays-Bas : Province)</subfield>
      <subfield code="x">Constructions.</subfield>
    </datafield>
    <datafield tag="650" ind1=" " ind2="6">
      <subfield code="a">Meubles (Héraldique)</subfield>
      <subfield code="z">Pays-Bas</subfield>
      <subfield code="z">Utrecht (Province)</subfield>
    </datafield>
    <datafield tag="650" ind1=" " ind2="7">
      <subfield code="a">Manors</subfield>
      <subfield code="2">fast</subfield>
    </datafield>
    <datafield tag="650" ind1=" " ind2="7">
      <subfield code="a">Castles</subfield>
      <subfield code="2">fast</subfield>
    </datafield>
    <datafield tag="651" ind1=" " ind2="7">
      <subfield code="a">Netherlands</subfield>
      <subfield code="z">Utrecht (Province)</subfield>
      <subfield code="2">fast</subfield>
    </datafield>
    <datafield tag="650" ind1="1" ind2="7">
      <subfield code="a">Kastelen.</subfield>
      <subfield code="2">gtt</subfield>
    </datafield>
    <datafield tag="650" ind1="1" ind2="7">
      <subfield code="a">Hofsteden.</subfield>
      <subfield code="2">gtt</subfield>
    </datafield>
    <datafield tag="650" ind1="1" ind2="7">
      <subfield code="a">Landhuizen.</subfield>
      <subfield code="2">gtt</subfield>
    </datafield>
    <datafield tag="655" ind1=" " ind2="7">
      <subfield code="a">Manuscripts.</subfield>
      <subfield code="2">lcgft</subfield>
    </datafield>
    <datafield tag="700" ind1="1" ind2=" ">
      <subfield code="a">Smissaert, M. P.</subfield>
      <subfield code="q">(Marinus Paulus),</subfield>
      <subfield code="d">1825-1900,</subfield>
      <subfield code="e">former owner.</subfield>
      <subfield code="4">fmo</subfield>
    </datafield>
    <datafield tag="710" ind1="2" ind2=" ">
      <subfield code="a">Universiteit Utrecht.</subfield>
      <subfield code="b">Bibliotheek.</subfield>
      <subfield code="k">Manuscript.</subfield>
      <subfield code="n">Hs 35 a 21.</subfield>
    </datafield>
    <datafield tag="710" ind1="2" ind2=" ">
      <subfield code="a">Frederik Muller &amp; Cie.,</subfield>
      <subfield code="e">auctioneer.</subfield>
      <subfield code="4">auc</subfield>
      <subfield code="1">https://id.oclc.org/worldcat/entity/E39QQPVp7XPTwKqHWtVj6RWQFg</subfield>
    </datafield>
    <datafield tag="710" ind1="2" ind2=" ">
      <subfield code="a">Bubb Kuyper (Firm),</subfield>
      <subfield code="e">auctioneer.</subfield>
      <subfield code="4">auc</subfield>
      <subfield code="1">https://id.oclc.org/worldcat/entity/E39QH7Jmrk3yc84ChQF4X6Dy9t</subfield>
    </datafield>
  </record>